Нормален изглед
MARC изглед
- Москов, Моско Добрев
Вход 01. Лично име
001 - Контролен номер на записа
- Контролно поле: 364083
003 - Код на организацията, даваща контролен номер
- Контролно поле: BLK
005 - Дата и час на последна промяна на записа
- Контролно поле: 20230428151655.0
008 - Данни с фиксирана дължина – обща информация
- Данни с фиксирана дължина : 180422|| aca||aabn | a|a d
100 ## - ИМЕ НА ЛИЦЕ -ПЪРВИЧНА ИНТЕЛЕКТУАЛНА ОТГОВОРНОСТ
- Лично име: Москов, Моско Добрев
- Дати, свързани с автора: 1927-2001
- Друга информация: Филолог. Езиковед.
942 ## - Системна служебна употреба
- Koha auth type: PERSO_NAME